00229nam a2200085Ia 4500008004100000100001600041245003100057260004700088300000800135190216s9999||||xx |||||||||||||| ||und|| aDas Gupta N 0aAccounting For Agriculture bPublications Division Govt. Of Indiac1980 a33p